| 000 | 00543nam a2200193Ia 4500 | ||
|---|---|---|---|
| 005 | 20230117105051.0 | ||
| 008 | 210716s2017 xx 000 0 und d | ||
| 020 | _a9788126569717 | ||
| 040 | _cAIMIT LIBRARY | ||
| 041 | _aeng | ||
| 082 |
_a005.132 _22 _bCRAM |
||
| 100 |
_aCrawley, Michael J. _969198 |
||
| 245 |
_aR book / _cBy Michael J. Crawley. |
||
| 250 | _a2nd ed. | ||
| 260 |
_aNew Delhi : _bWiley India Pvt Ltd , _c2017. |
||
| 300 |
_axxiv,1051p. ; _bPB _c23.7 cm |
||
| 650 |
_aR Book _969199 |
||
| 942 |
_2ddc _cBK _e2nd _m005.132 CRAM |
||
| 999 |
_c196078 _d196078 |
||